LEADER 01305nam a2200277 a 4500 001 000000141391 003 CaOOAMICUS 005 20150122142351.0 008 150122s2014 gw u001 u eng r 020 $z9783161531262* 040 $aPUL$bita 100 1 $aSchedtler, Justin Jeffcoat.$0(OLS)http://pul/name/91024 245 12$aA heavenly chorus :$bthe dramatic function of revelation's hymns /$cJustin Jeffcoat Schedtler. 260 $aTübingen :$bMohr Siebeck,$cŠ2014. 300 $aXIII, 382 p. ;$c24 cm 490 1 $aWissenschaftliche Untersuchungen zum Neuen Testament. Reihe 2 ;$v381 504 $aInclude riferimenti bibliografici e indici. 630 04$aBiblia.$pN.T.$xEvangelia$xCritica e interpretazione.$0(OLS)http://pul/subject/37091 830 0$aWissenschaftliche Untersuchungen zum Neuen Testament.$nReihe 2 ;$v381.$0(OLS)http://pul/title/264 850 $aPUL 852 $aPUL$W1$xSL Religione 1$y3$m16 I 381$j163207$qStampati$B163085$CPULBib$Z2$F163085 $H125295 $82 941 1 $a8 996 $6020$z9783161531262*$9(OLS)http://pul/number/156783 996 $6245$aA heavenly chorus :$bthe dramatic function of revelation's hymns$9(OLS)http://pul/title/178923 996 $6260$aTübingen :$bMohr Siebeck$9(OLS)http://pul/publisher/52004 LEADER 01263nam a2200289 a 4500 001 000000157592 003 CaOOAMICUS 005 20161216101405.0 008 161216s1996 it 000 u spa r 032 $aLibriCat 040 $aPUL$bita 100 1 $aOrtega Larrea, Iņigo.$0(OLS)http://pul/name/100556 245 10$aEutanasia: etica y ley frente a frente /$cIņigo Ortega Larrea. 260 $aRoma :$bAteneo Romano della Santa Croce,$c1996. 300 $aVII, 252 p. ;$c24 cm. 502 $aTesi -- Pontificium Athenaeum Sanctae Crucis. Facultas Theologiae. 1996. 504 $aBibliografia p. 211-225. 650 4$aEutanasia.$0(OLS)http://pul/subject/13910 710 2 $aAteneo Romano della Santa Croce.$kTesi.$0(OLS)http://pul/name/17117 850 $aPUL 852 $aPUL$W1$xDP1 Tesi Pon. Univ. S. Croce$y43$mTH S.CRO 104$j180933$qTesi$B184056$CPULBib$Z2$F184056 $H79791 $82 910 $aPontificia Universitā della Santa Croce$917117 910 $aPontificia Universitā della Santa Croce$917117 941 1 $a16 996 $6245$aEutanasia: etica y ley frente a frente$9(OLS)http://pul/title/197195 996 $6260$aRoma :$bAteneo Romano della Santa Croce$9(OLS)http://pul/publisher/49359